[Event "2. Hrvatska liga zapad 2017."]
[Site "Pula, Gospić, Rijeka"]
[Date "2017.03.26"]
[Round "2.5"]
[White "Grozdanic, Velin"]
[Black "Podobnik, Marijan"]
[Result "1/2-1/2"]
[WhiteElo "2060"]
[BlackElo "2147"]
[PlyCount "61"]
[EventDate "2017.03.25"]

1. e4 Nf6 2. Nc3 d5 3. e5 Ne4 4. Nxe4 dxe4 5. d4 exd3 6. Qxd3 Qxd3 7. Bxd3 Nc6
8. f4 Nb4 9. Be4 f5 10. exf6 exf6 11. a3 f5 12. Bd3 Nxd3+ 13. cxd3 Be6 14. Nf3
O-O-O 15. Ne5 Bc5 16. Ke2 Bd4 17. Nf3 Bf6 18. Ne5 Rd5 19. Be3 Bxe5 20. fxe5
Rxe5 21. Kf2 Rd5 22. d4 Rd7 23. g3 Bd5 24. Rhe1 Re8 25. Bf4 Rxe1 26. Rxe1 Be4
27. Rc1 b6 28. Be5 g5 29. Ke3 Bd5 30. Bf6 h6 31. h4 1/2-1/2

[Event "2. Hrvatska liga zapad 2017."]
[Site "Pula, Gospić, Rijeka"]
[Date "2017.03.26"]
[Round "2.5"]
[White "Cvitan, Ena"]
[Black "Safar, Sandro"]
[Result "0-1"]
[WhiteElo "2029"]
[BlackElo "2086"]
[PlyCount "84"]
[EventDate "2017.03.25"]

1. d4 d5 2. c4 e6 3. Nc3 Nf6 4. cxd5 exd5 5. Bg5 Be7 6. e3 c6 7. Bd3 O-O 8. Qc2
h6 9. Bh4 Re8 10. h3 a5 11. Nf3 Nbd7 12. O-O Ne4 13. Bxe7 Qxe7 14. Bxe4 dxe4
15. Nd2 Nf6 16. Nc4 Be6 17. Ne5 Bd5 18. Na4 Rad8 19. a3 Nd7 20. Nxd7 Rxd7 21.
Nb6 Rd6 22. Qc5 Qd8 23. b4 Rg6 24. Kh2 Be6 25. bxa5 Qh4 26. Rg1 Qxf2 27. Qe5
Rg5 28. Qxe4 Qg3+ 29. Kh1 Rh5 30. Rgf1 Rxh3+ 31. Kg1 Qxe3+ 32. Qxe3 Rxe3 33.
Rfc1 Rd8 34. d5 Bxd5 35. Nxd5 Rxd5 36. a6 bxa6 37. Rxc6 Ra5 38. Rc8+ Kh7 39.
Rf1 f6 40. Rc7 Kg6 41. Rf4 Rexa3 42. Rg4+ Rg5 0-1

[Event "2. Hrvatska liga zapad 2017."]
[Site "Pula, Gospić, Rijeka"]
[Date "2017.03.26"]
[Round "2.5"]
[White "Dujic, Marko"]
[Black "Krsovnik, Emil"]
[Result "0-1"]
[WhiteElo "1878"]
[BlackElo "2058"]
[PlyCount "62"]
[EventDate "2017.03.25"]

1. b3 e5 2. Bb2 Nc6 3. e3 Nf6 4. c4 Be7 5. Nc3 O-O 6. d4 exd4 7. exd4 Re8 8.
Be2 d5 9. Nf3 Bg4 10. cxd5 Nxd5 11. Nxd5 Qxd5 12. O-O Bf6 13. h3 Bh5 14. g4 Bg6
15. Bc4 Qd7 16. d5 Bxb2 17. dxc6 Qxc6 18. a4 Rad8 19. Bb5 Rxd1 20. Bxc6 Rxf1+
21. Rxf1 bxc6 22. Rd1 Be4 23. Re1 c5 24. Nd2 Bc6 25. Rb1 Bd4 26. Kf1 Be4 27.
Nxe4 Rxe4 28. f3 Re3 29. Kg2 Re2+ 30. Kg3 g5 31. Rd1 Be5+ 0-1

[Event "2. Hrvatska liga zapad 2017."]
[Site "Pula, Gospić, Rijeka"]
[Date "2017.03.26"]
[Round "3.1"]
[White "Ramesa, Davor"]
[Black "Muskardin, Mario"]
[Result "1/2-1/2"]
[WhiteElo "2289"]
[BlackElo "2230"]
[PlyCount "51"]
[EventDate "2017.03.25"]

1. Nf3 Nf6 2. c4 e6 3. g3 d5 4. d4 Bb4+ 5. Bd2 Qe7 6. Bg2 O-O 7. O-O Nbd7 8. a3
Bxd2 9. Nbxd2 c5 10. dxc5 Nxc5 11. b4 Nce4 12. Nxe4 Nxe4 13. cxd5 Rd8 14. Rc1
exd5 15. Qd4 a5 16. Rfd1 Be6 17. Ne5 axb4 18. axb4 Nf6 19. Nd3 h6 20. Nf4 Ra4
21. Qc5 Qxc5 22. bxc5 g5 23. Nxe6 fxe6 24. c6 bxc6 25. Rxc6 Kf7 26. h3 1/2-1/2

[Event "2. Hrvatska liga zapad 2017."]
[Site "Pula, Gospić, Rijeka"]
[Date "2017.03.26"]
[Round "3.1"]
[White "Tomic, Boris"]
[Black "Tomulic, Teo"]
[Result "0-1"]
[WhiteElo "2114"]
[BlackElo "2249"]
[PlyCount "84"]
[EventDate "2017.03.25"]

1. d4 Nf6 2. Nf3 d5 3. Bf4 Nbd7 4. e3 e6 5. h3 c5 6. c3 Qb6 7. Qc2 Bd6 8. Bxd6
Qxd6 9. Bb5 O-O 10. O-O e5 11. Bxd7 Nxd7 12. dxe5 Nxe5 13. Nbd2 Re8 14. Rfd1 b6
15. c4 Bb7 16. Nxe5 Qxe5 17. Nf3 Qh5 18. cxd5 Bxd5 19. Ne1 Qe5 20. Rd2 Qe6 21.
Qa4 Bc6 22. Qh4 f6 23. b3 Rad8 24. Rad1 Rxd2 25. Rxd2 Qe5 26. Qg4 Kf7 27. Qd1
Re7 28. Nd3 Qe4 29. Ne1 Re5 30. Qe2 Re7 31. Qh5+ Qg6 32. Qe2 Qe4 33. Qh5+ Kf8
34. Rd8+ Re8 35. Qd1 Rxd8 36. Qxd8+ Qe8 37. Qd6+ Kf7 38. Nf3 Qd7 39. Qf4 Ke7
40. Nh4 g6 41. Qh6 Ke6 42. f3 g5 0-1

[Event "2. Hrvatska liga zapad 2017."]
[Site "Pula, Gospić, Rijeka"]
[Date "2017.03.26"]
[Round "3.1"]
[White "Mufic, Goran"]
[Black "Tirkajla, Boris"]
[Result "1-0"]
[WhiteElo "2215"]
[BlackElo "2069"]
[PlyCount "87"]
[EventDate "2017.03.25"]

1. d4 f5 2. Nc3 Nf6 3. Bg5 e6 4. e4 fxe4 5. Nxe4 Be7 6. Bxf6 Bxf6 7. Nf3 Nc6 8.
c3 d5 9. Nxf6+ Qxf6 10. Bb5 Bd7 11. Bxc6 Bxc6 12. O-O O-O 13. Qe2 Rad8 14. Rae1
Rd6 15. Ne5 Be8 16. f3 Qd8 17. Rf2 a5 18. Qd2 a4 19. a3 b6 20. Re3 c5 21. f4
Qc7 22. g3 Qa7 23. Kg2 g6 24. Rfe2 Bb5 25. Re1 Qg7 26. Nf3 Qf6 27. Re5 Rc8 28.
h4 Be8 29. Qe3 Rcc6 30. Ng5 Bd7 31. Nf3 Be8 32. Rg5 h6 33. Re5 Bf7 34. Nh2 cxd4
35. Qxd4 Rc4 36. Qd3 Kg7 37. Nf3 Be8 38. Nd4 Bd7 39. Qe3 Kf7 40. h5 Rc8 41.
hxg6+ Qxg6 42. Rh1 Rh8 43. Reh5 Qf6 44. Qe5 1-0

[Event "2. Hrvatska liga zapad 2017."]
[Site "Pula, Gospić, Rijeka"]
[Date "2017.03.26"]
[Round "3.1"]
[White "Okrugic, Tomislav"]
[Black "Grozdanic, Velin"]
[Result "0-1"]
[WhiteElo "1915"]
[BlackElo "2060"]
[PlyCount "96"]
[EventDate "2017.03.25"]

1. e4 e6 2. d4 d5 3. e5 b6 4. Nf3 Ba6 5. Bxa6 Nxa6 6. c3 Qd7 7. Qe2 Nb8 8. Nbd2
c5 9. O-O Nc6 10. Rd1 cxd4 11. cxd4 Nge7 12. Nf1 Nf5 13. Ne3 Nxe3 14. Bxe3 Be7
15. Rac1 O-O 16. Bg5 Rac8 17. Bxe7 Nxe7 18. b3 Rxc1 19. Rxc1 Rc8 20. Qb2 Rc7
21. g4 Qc8 22. Rxc7 Qxc7 23. Kg2 b5 24. a4 b4 25. Qe2 Qc6 26. Qb5 Qxb5 27. axb5
Kf8 28. Ne1 Ke8 29. Nc2 Kd7 30. Nxb4 Kc7 31. f4 Kb6 32. Kf3 Kxb5 33. Nc2 Nc6
34. Ke3 Na5 35. Na1 Kb4 36. Kd3 Nxb3 37. Nc2+ Kb5 38. f5 Na5 39. Kc3 Nc4 40. h4
g6 41. f6 a5 42. h5 a4 43. hxg6 hxg6 44. g5 Ka5 45. Nb4 Kb5 46. Na2 Ne3 47. Kd3
Ng2 48. Kc3 Nf4 0-1

[Event "2. Hrvatska liga zapad 2017."]
[Site "Pula, Gospić, Rijeka"]
[Date "2017.03.26"]
[Round "3.1"]
[White "Safar, Sandro"]
[Black "Grego, Ludvig"]
[Result "1-0"]
[WhiteElo "2086"]
[BlackElo "1921"]
[PlyCount "63"]
[EventDate "2017.03.25"]

1. e4 c5 2. Nc3 g6 3. f4 Bg7 4. Nf3 e6 5. d3 Ne7 6. g3 Nbc6 7. Bg2 Rb8 8. a4 a6
9. O-O O-O 10. Ne2 b5 11. axb5 axb5 12. c3 b4 13. Be3 d6 14. Qd2 Bb7 15. g4 f5
16. gxf5 exf5 17. e5 dxe5 18. Bxc5 bxc3 19. bxc3 Qd7 20. Ng5 Nd8 21. Bxb7 Rxb7
22. fxe5 Bxe5 23. d4 Bf6 24. Ra8 Qd5 25. Nf4 Bxg5 26. Nxd5 Bxd2 27. Bxe7 Rxe7
28. Nxe7+ Kf7 29. Nxf5 Kg8 30. Ne7+ Kg7 31. Rxf8 Kxf8 32. Nc6 1-0

[Event "2. Hrvatska liga zapad 2017."]
[Site "Pula, Gospić, Rijeka"]
[Date "2017.03.26"]
[Round "3.1"]
[White "Petrovic, Neven"]
[Black "Dujic, Marko"]
[Result "1/2-1/2"]
[WhiteElo "1926"]
[BlackElo "1878"]
[PlyCount "77"]
[EventDate "2017.03.25"]

1. e4 d5 2. exd5 Qxd5 3. Nc3 Qa5 4. Bc4 Nf6 5. Nf3 Bg4 6. O-O e6 7. d4 c6 8. a3
Bd6 9. h3 Bxf3 10. Qxf3 O-O 11. Ne4 Nxe4 12. Qxe4 Nd7 13. Be3 Nf6 14. Qh4 Be7
15. Bd3 Rad8 16. Bxh7+ Nxh7 17. Qxe7 b6 18. Qc7 Nf6 19. c4 Qa4 20. Rfc1 Rc8 21.
Qe5 Rfd8 22. Rc3 c5 23. Rac1 Nd7 24. Qg3 Nf6 25. Bh6 Ne8 26. dxc5 Rd1+ 27. Rxd1
Qxd1+ 28. Kh2 bxc5 29. Rd3 Qc2 30. Rd7 Qxb2 31. Rxa7 Qd4 32. Bf4 Qxc4 33. Be5
Qe4 34. Re7 Kf8 35. Bd6 Nxd6 36. Qxd6 Kg8 37. Qd7 Qf4+ 38. Kg1 Qc1+ 39. Kh2
1/2-1/2

[Event "2. Hrvatska liga zapad 2017."]
[Site "Pula, Gospić, Rijeka"]
[Date "2017.03.26"]
[Round "3.2"]
[White "Jurkovic, Ante"]
[Black "Krsnik Cohar, Ivan Vihor"]
[Result "1/2-1/2"]
[WhiteElo "2283"]
[BlackElo "2318"]
[PlyCount "89"]
[EventDate "2017.03.25"]

1. Nf3 d5 2. d3 Bg4 3. Nbd2 e6 4. e4 c6 5. Be2 Nd7 6. O-O dxe4 7. dxe4 Ngf6 8.
Ne1 Bxe2 9. Qxe2 Qc7 10. Nd3 Ne5 11. Nf3 Bd6 12. Nfxe5 Bxe5 13. f4 Bd4+ 14. Kh1
O-O-O 15. c3 Bb6 16. Be3 Bxe3 17. Qxe3 Qb6 18. Qxb6 axb6 19. Ne5 Rhf8 20. Rae1
Kc7 21. Kg1 Ne8 22. Rf2 Nd6 23. Rfe2 f6 24. Nf3 Nc4 25. b3 Na3 26. Nd4 Rfe8 27.
f5 exf5 28. exf5 Rxe2 29. Rxe2 Rd7 30. Ne6+ Kb8 31. Kf2 Nb5 32. c4 Nd6 33. g4
g6 34. fxg6 hxg6 35. Nf8 Rg7 36. Re6 Kc7 37. Kf3 f5 38. g5 Ne4 39. h4 Rg8 40.
Nxg6 Kd7 41. Nf4 Rxg5 42. Rg6 Rxg6 43. Nxg6 Ke6 44. Ke3 Nc3 45. a4 1/2-1/2

[Event "2. Hrvatska liga zapad 2017."]
[Site "Pula, Gospić, Rijeka"]
[Date "2017.03.26"]
[Round "3.2"]
[White "Juranic, Bruno"]
[Black "Fucak, Emilio Milko"]
[Result "1/2-1/2"]
[WhiteElo "2174"]
[BlackElo "2184"]
[PlyCount "21"]
[EventDate "2017.03.25"]

1. e4 e6 2. Nc3 d5 3. Nf3 Nf6 4. e5 Nfd7 5. d4 b6 6. Ng5 g6 7. Qf3 Qe7 8. Bd3
c6 9. Nh3 h6 10. Nf4 Rg8 11. Bd2 1/2-1/2

[Event "2. Hrvatska liga zapad 2017."]
[Site "Pula, Gospić, Rijeka"]
[Date "2017.03.26"]
[Round "3.2"]
[White "Podobnik, Marijan"]
[Black "Racki, Barbara"]
[Result "1/2-1/2"]
[WhiteElo "2147"]
[BlackElo "1896"]
[PlyCount "35"]
[EventDate "2017.03.25"]

1. e4 d6 2. d4 Nf6 3. Nc3 Nbd7 4. Nf3 e5 5. Bc4 Be7 6. O-O O-O 7. Re1 c6 8. a4
Qc7 9. a5 exd4 10. Nxd4 Ne5 11. Be2 Re8 12. h3 Bd7 13. Be3 Ng6 14. Bc4 b5 15.
axb6 axb6 16. Rxa8 Rxa8 17. Bb3 b5 18. Nf5 1/2-1/2

[Event "2. Hrvatska liga zapad 2017."]
[Site "Pula, Gospić, Rijeka"]
[Date "2017.03.26"]
[Round "3.2"]
[White "Starcevic, Andrea"]
[Black "Cvitan, Ena"]
[Result "0-1"]
[WhiteElo "1850"]
[BlackElo "2029"]
[PlyCount "150"]
[EventDate "2017.03.25"]

1. c4 e6 2. Nc3 d5 3. e3 Nf6 4. Nf3 Be7 5. Be2 O-O 6. O-O b6 7. a3 c5 8. Qc2
Bb7 9. cxd5 exd5 10. d4 c4 11. b3 cxb3 12. Qxb3 Nc6 13. Qa2 Rc8 14. Bb2 Bd6 15.
Rac1 Bb8 16. Bd3 Na5 17. Ne5 Bxe5 18. dxe5 Ng4 19. Bf5 Rc4 20. Bxg4 Rxg4 21.
Ne2 d4 22. f3 d3 23. Nf4 Rxf4 24. exf4 d2 25. Rcd1 Bd5 26. Qb1 Bb3 27. Bc3 Bxd1
28. Rxd1 Nc4 29. Qe4 b5 30. f5 Re8 31. e6 fxe6 32. Qg4 e5 33. Qe4 Qb6+ 34. Kh1
Rd8 35. Qe2 Qe3 36. Qxe3 Nxe3 37. Rxd2 Rxd2 38. Bxd2 Nc4 39. Bb4 a5 40. Bc5 Nb2
41. Kg1 Nd3 42. Bb6 b4 43. Bxa5 bxa3 44. Bc3 a2 45. Kf1 Nc1 46. Bxe5 Nb3 47.
Ke2 a1=Q 48. Bxa1 Nxa1 49. Kd3 Nb3 50. g4 Kf7 51. h4 Kf6 52. Ke4 Nc5+ 53. Kf4
Nd3+ 54. Ke3 Ne1 55. Ke4 Ng2 56. g5+ Ke7 57. h5 Ne1 58. f4 Nc2 59. Ke5 Ne3 60.
Ke4 Nf1 61. Kf3 Nd2+ 62. Kg4 Ne4 63. Kf3 Nd6 64. Kg4 Kf8 65. g6 h6 66. f6 gxf6
67. Kf3 Nf5 68. Kg4 Ng7 69. f5 Ke7 70. Kf4 Nxh5+ 71. Kg4 Ng7 72. Kf4 Kd6 73.
Ke4 Kc5 74. Kf4 Kd4 75. Kf3 Ke5 0-1

[Event "2. Hrvatska liga zapad 2017."]
[Site "Pula, Gospić, Rijeka"]
[Date "2017.03.26"]
[Round "3.2"]
[White "Krsovnik, Emil"]
[Black "Sepic, Ante"]
[Result "1/2-1/2"]
[WhiteElo "2058"]
[BlackElo "1874"]
[PlyCount "96"]
[EventDate "2017.03.25"]

1. e4 c5 2. Nf3 Nc6 3. Bb5 d6 4. O-O Bd7 5. d4 cxd4 6. Nxd4 Nf6 7. Nc3 g6 8.
Re1 Bg7 9. Bg5 Nxd4 10. Qxd4 O-O 11. Qa4 a6 12. Bxd7 Nxd7 13. Nd5 f6 14. Be3 e6
15. Nf4 Qe7 16. Qb3 Kf7 17. Rad1 g5 18. Nh5 Nc5 19. Bxc5 dxc5 20. Rd3 Rfd8 21.
Red1 Rxd3 22. Qxd3 h6 23. c4 Bh8 24. b3 Ke8 25. Kf1 Rd8 26. Qxd8+ Qxd8 27.
Rxd8+ Kxd8 28. Ng3 Kd7 29. Ke2 Kd6 30. Ke3 Ke5 31. Ne2 Bg7 32. f3 Kd6 33. g4
Kc6 34. Ng3 Kd6 35. f4 Ke7 36. Nh5 Bh8 37. f5 e5 38. Kd3 Kd6 39. Kc3 a5 40. a3
Kc6 41. Ng3 Bg7 42. Nf1 Bf8 43. Ne3 Be7 44. Nd5 Bd8 45. Ne3 Be7 46. Nd1 Bf8 47.
Nb2 Be7 48. Nd3 Bf8 1/2-1/2

[Event "2. Hrvatska liga zapad 2017."]
[Site "Pula, Gospić, Rijeka"]
[Date "2017.03.26"]
[Round "3.3"]
[White "Bulic, Josip"]
[Black "Grbac, Boris"]
[Result "1/2-1/2"]
[WhiteElo "2286"]
[BlackElo "2156"]
[PlyCount "47"]
[EventDate "2017.03.25"]

1. d4 Nf6 2. Nf3 c5 3. c3 e6 4. e3 d5 5. Bd3 Bd6 6. O-O O-O 7. Nbd2 Nc6 8. dxc5
Bxc5 9. e4 h6 10. exd5 exd5 11. Nb3 Bb6 12. h3 Be6 13. Bc2 Qd7 14. Nbd4 Rad8
15. Bf4 Bc7 16. Qc1 Bxf4 17. Qxf4 Qd6 18. Qh4 Rfe8 19. Rad1 Bc8 20. Rfe1 a6 21.
Bf5 Ne7 22. Bc2 Nc6 23. Bf5 Ne7 24. Bc2 1/2-1/2

[Event "2. Hrvatska liga zapad 2017."]
[Site "Pula, Gospić, Rijeka"]
[Date "2017.03.26"]
[Round "3.3"]
[White "Ghersinich, Enrico"]
[Black "Bulic, Domagoj"]
[Result "1/2-1/2"]
[WhiteElo "2053"]
[BlackElo "2238"]
[PlyCount "114"]
[EventDate "2017.03.25"]

1. e4 c6 2. d4 d5 3. f3 e6 4. Nc3 Bb4 5. Bf4 dxe4 6. fxe4 Nf6 7. Qd3 c5 8. dxc5
Qxd3 9. cxd3 Bxc5 10. Nb5 Na6 11. Rc1 Bb4+ 12. Bd2 O-O 13. Nc7 Bxd2+ 14. Kxd2
Nxc7 15. Rxc7 Rd8 16. Ke3 Rb8 17. Be2 Bd7 18. Nf3 Ng4+ 19. Kd2 Bb5 20. Rhc1 Nf6
21. Ke3 Ne8 22. R7c5 a6 23. Nd4 Bd7 24. Bd1 Rbc8 25. b4 b6 26. Rxc8 Rxc8 27.
Rxc8 Bxc8 28. a4 Kf8 29. a5 bxa5 30. bxa5 Nd6 31. Ba4 Nb7 32. Nb3 e5 33. Bc6
Ke7 34. Bxb7 Bxb7 35. d4 exd4+ 36. Kxd4 f5 37. exf5 Bxg2 38. Kc5 Kf6 39. Kb6
Bf1 40. Nc5 Kxf5 41. Nxa6 Kg4 42. Nc7 Kh3 43. Nb5 Kxh2 44. a6 g5 45. a7 Bg2 46.
Nd6 g4 47. Nb7 Bxb7 48. Kxb7 g3 49. a8=Q g2 50. Qa2 Kh1 51. Qd5 Kh2 52. Qe5+
Kh3 53. Qe3+ Kh2 54. Qf2 Kh3 55. Kc6 h5 56. Kd5 h4 57. Ke4 g1=Q 1/2-1/2

[Event "2. Hrvatska liga zapad 2017."]
[Site "Pula, Gospić, Rijeka"]
[Date "2017.03.26"]
[Round "3.3"]
[White "Belamaric, Goran"]
[Black "Grguric, Dragan"]
[Result "0-1"]
[WhiteElo "2145"]
[BlackElo "2006"]
[PlyCount "76"]
[EventDate "2017.03.25"]

1. e4 c5 2. g3 d5 3. exd5 Qxd5 4. Nf3 Bg4 5. Bg2 Qe6+ 6. Kf1 Nc6 7. h3 Bh5 8.
d3 Nf6 9. Be3 Qd6 10. Nc3 e5 11. g4 Bg6 12. Nh4 Be7 13. g5 Nd7 14. Ne4 Qe6 15.
c3 f6 16. gxf6 gxf6 17. Nxg6 hxg6 18. Qf3 O-O-O 19. b3 f5 20. Ng5 Qg8 21. h4
Nf6 22. Rd1 Ng4 23. Bc1 Rd7 24. Qe2 Bxg5 25. Bxg5 Qe6 26. Bf3 Nf6 27. Bg2 Rhd8
28. Rd2 Re8 29. Ke1 Nd5 30. Rc2 Qd6 31. Rh3 Qf8 32. Kf1 Nf4 33. Bxf4 exf4 34.
Qd2 Ne5 35. d4 Qe7 36. Kg1 f3 37. Bxf3 Nxf3+ 38. Rxf3 Qxh4 0-1

[Event "2. Hrvatska liga zapad 2017."]
[Site "Pula, Gospić, Rijeka"]
[Date "2017.03.26"]
[Round "3.3"]
[White "Ikica, Ante"]
[Black "Barcal, Aleksandar"]
[Result "1/2-1/2"]
[WhiteElo "1949"]
[BlackElo "2021"]
[PlyCount "121"]
[EventDate "2017.03.25"]

1. e4 d6 2. g3 g6 3. Bg2 Bg7 4. c3 c5 5. d4 cxd4 6. cxd4 Qb6 7. Ne2 Nc6 8. Be3
Qxb2 9. Nbc3 Nf6 10. Rb1 Qa3 11. h3 a6 12. O-O Nd7 13. Rb3 Qa5 14. Qb1 O-O 15.
Rc1 Qd8 16. Nd5 a5 17. Kh2 a4 18. Rb5 e6 19. Nb6 Nxb6 20. Rxb6 Re8 21. Rb5 Ra5
22. Rb6 Ra8 23. Rd1 Nb8 24. Bf4 Bf8 25. d5 e5 26. Be3 Nd7 27. Rb5 Bg7 28. Rc1
Ra6 29. Bf1 Ra8 30. Qb4 Qe7 31. Rc7 Bf8 32. Bg2 Qd8 33. Rc1 f5 34. f3 h6 35.
Qb1 Nf6 36. Bb6 Qe7 37. Rc7 Nd7 38. exf5 Qd8 39. Rc6 Nxb6 40. Rcxb6 Bxf5 41.
Qd1 Qg5 42. Nc3 Rec8 43. Ne4 Qe3 44. Rb1 h5 45. h4 Bxe4 46. fxe4 Rc3 47. Qe1
Qxe1 48. Rxe1 Rc2 49. a3 Rc3 50. Ra1 Ra7 51. Bh3 Re3 52. Be6+ Kg7 53. Rf1 Rb3
54. Rf7+ Kh6 55. Rc6 bxc6 56. Rxa7 cxd5 57. Bxd5 Rxa3 58. Rf7 Bg7 59. Rd7 Rd3
60. Rxd6 a3 61. Ra6 1/2-1/2

[Event "2. Hrvatska liga zapad 2017."]
[Site "Pula, Gospić, Rijeka"]
[Date "2017.03.26"]
[Round "3.3"]
[White "Kovacevic, Matija"]
[Black "Bonaca, Dario"]
[Result "1-0"]
[WhiteElo "2000"]
[BlackElo "1931"]
[PlyCount "99"]
[EventDate "2017.03.25"]

1. d4 Nf6 2. Nf3 g6 3. c4 Bg7 4. g3 O-O 5. Bg2 c6 6. Nc3 d5 7. O-O dxc4 8. a4
a5 9. Ne5 Be6 10. e4 Qc8 11. Qe2 Bh3 12. Qxc4 Bxg2 13. Kxg2 Nbd7 14. Nf3 e6 15.
Bf4 Nb6 16. Qb3 Nbd7 17. Rac1 Ra6 18. Qa2 Qd8 19. Rfd1 Nb6 20. Qb3 Qe7 21. Qc2
Rd8 22. b3 Qb4 23. Bd2 Qf8 24. Bg5 h6 25. Bf4 Qe7 26. h3 Nh5 27. Be3 Nf6 28.
Ne2 Na8 29. Ne5 Nc7 30. Nc4 Nce8 31. f3 Nc7 32. Qd2 Rda8 33. Bxh6 b5 34. Ne5
Qe8 35. Bf4 Rc8 36. Nd3 Nh5 37. Bxc7 Rxc7 38. axb5 Ra8 39. Ne5 Bxe5 40. dxe5 c5
41. Qd6 Rac8 42. Qa6 Ra8 43. Qb6 Qc8 44. Rd2 Kh7 45. Rdc2 Qd8 46. Rxc5 Rd7 47.
Qxd8 Raxd8 48. b6 Rb8 49. Rb5 Rd2 50. Kf1 1-0

[Event "2. Hrvatska liga zapad 2017."]
[Site "Pula, Gospić, Rijeka"]
[Date "2017.03.26"]
[Round "3.3"]
[White "Ghersinich, Giuseppe"]
[Black "Juras, Zvonko"]
[Result "0-1"]
[WhiteElo "1848"]
[BlackElo "1894"]
[PlyCount "110"]
[EventDate "2017.03.25"]

1. d4 Nf6 2. Nf3 g6 3. c4 Bg7 4. Nc3 O-O 5. e4 d6 6. Be2 Nbd7 7. O-O e5 8. Bg5
c6 9. Qd2 a6 10. Rfd1 Qc7 11. Rac1 Kh8 12. b4 Ng8 13. d5 c5 14. b5 f6 15. Bh4
Bh6 16. Qc2 Bxc1 17. Qxc1 Rf7 18. Ne1 g5 19. Bg3 Nf8 20. h4 h6 21. Nc2 Ng6 22.
hxg5 fxg5 23. Bh5 Kh7 24. Ne3 Nf6 25. Be2 Nf4 26. Bf1 Bg4 27. f3 Bd7 28. Qb1
N6h5 29. Bf2 Raf8 30. Nf5 Ng7 31. b6 Qb8 32. g4 Rh8 33. Ne2 Ng6 34. Neg3 Qf8
35. Bg2 Kg8 36. Be3 Nf4 37. Kf2 Nxf5 38. exf5 Rfh7 39. Rh1 Be8 40. Ne4 Rf7 41.
f6 Rxf6 42. Nxf6+ Qxf6 43. Qd1 Kg7 44. Bf1 Rf8 45. Be2 Bg6 46. Qf1 e4 47. Bd1
Qb2+ 48. Kg3 Qe5 49. Kf2 Nd3+ 50. Kg1 exf3 51. Bf2 Nxf2 52. Qxf2 Qf4 53. Bb3
Qxg4+ 54. Kh2 Qf4+ 55. Kg1 Re8 0-1

[Event "2. Hrvatska liga zapad 2017."]
[Site "Pula, Gospić, Rijeka"]
[Date "2017.03.26"]
[Round "3.4"]
[White "Mandekic, Ivan"]
[Black "Cherin, Diego"]
[Result "0-1"]
[WhiteElo "2208"]
[BlackElo "2217"]
[PlyCount "88"]
[EventDate "2017.03.25"]

1. c4 Nf6 2. g3 d5 3. cxd5 Qxd5 4. Nf3 e5 5. Nc3 Qa5 6. Bg2 Be7 7. d3 O-O 8.
O-O c6 9. a3 Bg4 10. Be3 Nbd7 11. h3 Bh5 12. Nh4 Rfe8 13. g4 Bg6 14. Nxg6 hxg6
15. b4 Qc7 16. Rc1 a6 17. Qb3 Bd8 18. a4 Qd6 19. Qc4 Nb6 20. Qb3 Nbd5 21. Nxd5
Nxd5 22. Bxd5 cxd5 23. Rc5 d4 24. Bd2 Bb6 25. Rc2 e4 26. f4 e3 27. Be1 Rac8 28.
b5 Rxc2 29. Qxc2 axb5 30. axb5 Qd7 31. Qa4 Rc8 32. Bg3 Rc5 33. Kh2 Kh7 34. Rb1
Qd5 35. Qd1 Rxb5 36. Rxb5 Qxb5 37. Qa1 Qc5 38. Qa2 f6 39. Qe6 Bc7 40. h4 Qc2
41. h5 Qxe2+ 42. Kh3 Qf1+ 43. Kh2 Bxf4 44. hxg6+ Kh6 0-1

[Event "2. Hrvatska liga zapad 2017."]
[Site "Pula, Gospić, Rijeka"]
[Date "2017.03.26"]
[Round "3.4"]
[White "Jurman, Roberto"]
[Black "Karabaic, Ivan"]
[Result "0-1"]
[WhiteElo "2156"]
[BlackElo "2170"]
[PlyCount "98"]
[EventDate "2017.03.25"]

1. c4 Nf6 2. Nc3 e6 3. g3 Be7 4. Bg2 O-O 5. Nf3 d5 6. b3 c5 7. d3 d4 8. Nb1 Nc6
9. Na3 e5 10. O-O Re8 11. Nc2 Bf8 12. Bg5 h6 13. Bxf6 Qxf6 14. Nd2 Qg6 15. a3
Kh8 16. b4 cxb4 17. axb4 f5 18. b5 Nd8 19. e3 dxe3 20. Nxe3 Ne6 21. Nd5 Bd7 22.
Re1 Bd6 23. Nf3 Nc5 24. Qc2 Qf7 25. Qc3 e4 26. dxe4 fxe4 27. Nd4 Be5 28. Ra2
Ne6 29. Rd2 Nxd4 30. Rxd4 Bf5 31. Qe3 Bxd4 32. Qxd4 b6 33. h4 Rac8 34. Ne3 Bh7
35. Nd5 Qf5 36. Kh2 Qe5 37. Qxe5 Rxe5 38. Ne3 Rd8 39. Ra1 Re7 40. Nd5 Rf7 41.
Kg1 Rc8 42. Bh3 Rxc4 43. Be6 Rf8 44. Ne3 Rb4 45. Rxa7 Rxb5 46. Rb7 Rb1+ 47. Kg2
Rb2 48. Ng4 e3 49. Nxe3 Be4+ 0-1

[Event "2. Hrvatska liga zapad 2017."]
[Site "Pula, Gospić, Rijeka"]
[Date "2017.03.26"]
[Round "3.4"]
[White "Monjac, Mislav"]
[Black "Jurman, Pjerino"]
[Result "1-0"]
[WhiteElo "2197"]
[BlackElo "1980"]
[PlyCount "83"]
[EventDate "2017.03.25"]

1. e4 e6 2. d3 d5 3. Qe2 Nf6 4. Nf3 b6 5. e5 Nfd7 6. g3 Bb7 7. Bg2 h6 8. O-O c5
9. c4 Na6 10. cxd5 Bxd5 11. d4 Nc7 12. Nc3 Bb7 13. Rd1 Qc8 14. Bf4 g5 15. Be3
Be7 16. dxc5 Bxc5 17. Bxc5 bxc5 18. Ne4 Bxe4 19. Qxe4 Nd5 20. h4 gxh4 21. Nxh4
Qc7 22. Qa4 Kf8 23. Bxd5 exd5 24. Qf4 Qc6 25. Rd3 Re8 26. Re1 Qe6 27. Rf3 Rg8
28. Nf5 Rg6 29. Kg2 d4 30. Nd6 Re7 31. Qe4 Kg8 32. Rf5 Qxa2 33. Rxf7 Rxf7 34.
Qxg6+ Rg7 35. Qe8+ Nf8 36. Nf5 Qd5+ 37. f3 d3 38. Nxh6+ Kh7 39. Rh1 Rb7 40.
Nf5+ Kg8 41. Rh4 d2 42. Rg4+ 1-0

[Event "2. Hrvatska liga zapad 2017."]
[Site "Pula, Gospić, Rijeka"]
[Date "2017.03.26"]
[Round "3.4"]
[White "Crnkovic, Zdravko"]
[Black "Lulic, Igor"]
[Result "1-0"]
[WhiteElo "2011"]
[BlackElo "2012"]
[PlyCount "153"]
[EventDate "2017.03.25"]

1. e4 c5 2. f4 e6 3. Nf3 d5 4. e5 Nc6 5. c3 Nge7 6. Na3 Ng6 7. d3 Be7 8. Be2
O-O 9. Nc2 d4 10. c4 a6 11. O-O b5 12. b3 Bb7 13. Nd2 Qc7 14. Ne1 Rad8 15. Ne4
Na5 16. g3 bxc4 17. bxc4 Nxc4 18. Bf3 Ne3 19. Bxe3 dxe3 20. Qe2 c4 21. Rc1 Qb6
22. Rxc4 Bd5 23. Rc2 Ba3 24. Kh1 Ne7 25. g4 Bc6 26. f5 Nd5 27. Bg2 Ba4 28. f6
Bxc2 29. fxg7 Kxg7 30. Nxc2 Bb2 31. g5 Bxe5 32. Qh5 e2 33. Rg1 Nf4 34. Qh6+ Kh8
35. Nf6 Bxf6 36. Qxf6+ Kg8 37. Qxf4 Rxd3 38. Qh4 Rd1 39. Ne1 Qb2 40. Be4 Qg7
41. Bd3 Rd2 42. Qe4 Rxa2 43. Bxe2 Rd8 44. Nf3 Ra5 45. Qb4 Ra1 46. Qb6 Rxg1+ 47.
Kxg1 Rc8 48. Qxa6 Rc1+ 49. Kf2 Qc3 50. Qb7 Qc5+ 51. Kg2 Rc2 52. Qe4 Ra2 53. Qd3
Qc7 54. Kf1 Ra1+ 55. Kf2 Qe7 56. Qc2 Qa7+ 57. Kg2 Qb7 58. Bd3 Qd5 59. Bxh7+ Kf8
60. Qc8+ Ke7 61. Qc7+ Kf8 62. Qb8+ Ke7 63. Qf4 Ra2+ 64. Kh3 Ra3 65. Be4 Qb5 66.
Qf6+ Ke8 67. Kg3 Qc5 68. h4 Qg1+ 69. Kf4 Qc1+ 70. Kg4 Ra4 71. Qe5 Rb4 72. Kh5
Qc4 73. Qh8+ Ke7 74. Qf6+ Ke8 75. Ne5 Qc7 76. Bc6+ Kf8 77. Ng6+ 1-0

[Event "2. Hrvatska liga zapad 2017."]
[Site "Pula, Gospić, Rijeka"]
[Date "2017.03.26"]
[Round "3.4"]
[White "Bogdanic, Katarina"]
[Black "Fattorich, Igor"]
[Result "1-0"]
[WhiteElo "1994"]
[BlackElo "1939"]
[PlyCount "79"]
[EventDate "2017.03.25"]

1. c4 e5 2. g3 Nf6 3. Bg2 Nc6 4. Nc3 d6 5. d3 Be7 6. Nf3 O-O 7. O-O h6 8. Rb1
Bg4 9. h3 Be6 10. b4 Qd7 11. Kh2 Nh7 12. b5 Nd8 13. Nd5 f5 14. Nxe7+ Qxe7 15.
Ba3 Qd7 16. Qc2 Nf6 17. c5 g5 18. cxd6 cxd6 19. Rfc1 Rf7 20. Qb2 g4 21. Nh4 Ne8
22. Qd2 f4 23. hxg4 Bxg4 24. Bd5 Be6 25. Bf3 fxg3+ 26. fxg3 Rf6 27. Rf1 Nf7 28.
Bh5 Kg7 29. d4 Rxf1 30. Rxf1 Nf6 31. Bxf7 Qxf7 32. Kg1 Bh3 33. Rf2 Qe6 34. Qc2
Ng4 35. Qc7+ Kg8 36. Nf5 Qf6 37. Ne7+ Kh7 38. Rxf6 Nxf6 39. Nd5+ Nd7 40. Nf6+
1-0

[Event "2. Hrvatska liga zapad 2017."]
[Site "Pula, Gospić, Rijeka"]
[Date "2017.03.26"]
[Round "3.4"]
[White "Fiala, Nenad"]
[Black "Brzac, Marijan"]
[Result "0-1"]
[WhiteElo "1860"]
[BlackElo "1829"]
[PlyCount "48"]
[EventDate "2017.03.25"]

1. c4 e6 2. d4 d5 3. Nc3 Nf6 4. Bg5 Be7 5. Nf3 b6 6. e3 Bb7 7. Rc1 O-O 8. Bd3
Ne4 9. Bxe7 Qxe7 10. Qc2 f5 11. cxd5 exd5 12. Ne5 c5 13. O-O Nd7 14. Nxd7 Qxd7
15. f3 Nxc3 16. Qxc3 c4 17. Bb1 Rae8 18. e4 fxe4 19. fxe4 Rxf1+ 20. Rxf1 dxe4
21. Qxc4+ Bd5 22. Qb4 e3 23. Bd3 Qg4 24. g3 Qh3 0-1